| 000 | 01352cam a22001814a 4500 | ||
|---|---|---|---|
| 005 | 20250605164028.0 | ||
| 008 | 250528s ||||||||||||||||||||||||d | ||
| 035 | _a16515 | ||
| 040 |
_aGR-AtMCL _bgre _dGR-AtMCL _eAACR2 |
||
| 245 | 1 | _aΕισαγωγή στην Ασφαλιστική Επιστημή | |
| 260 |
_bInterbooks, _c1993 |
||
| 300 | _a352 | ||
| 520 | _aΕισαγωγή, Η Ιδιωτική Ασφάλιση, Ασφάλειες Ζημιών, Ασφάλεια Αυτοκινήτων, Ασφάλιση Πυρός, Οργανισμός Γεωργικών σφαλίσεων, Ασφάλιση Θαλάσσιων Μεταφορών, Ασφάλεια Ζωής, Ασφάλιση Προσωπικών Ατυχημάτων και Ασθενειών, Ομαδική Ασφάλιση, Αποζημιώσεις, Μαθηματικό Αποθεματικό ή Μαθηματικό Χρέος, Κοινωνική Ασφάλιση, Οικονομικά Συστήματα Διαχείρισης στον Κλάδο των Ασφαλίσεων, Ασφαλιστικός Σύμβουλος, Ασφάλειες κατά των Ασθενειών και Δείκτες Νοσηρότητας, Νομοθεσία περί των Ασφαλίσεων. | ||
| 700 | 1 |
_aΚιόχος Πετρος _92468 |
|
| 942 | _cBK | ||
| 999 |
_c2009 _d2009 |
||